000 00442nam a2200157 a 4500
001 000036046
005 20200930074829.0
008 100322s1996 cu 001 0 spa d
040 _aDO-SdBNP
_bspa
_cBNPHU
082 _axxxx
_bxxxx
245 0 0 _aReglas de catalogación angloamericanas /.
250 _a2a. ed.
260 _aLa Habana, Cuba :
_bFélix Varela,
_c1996.
300 _a2 v. ;
_c23 cm.
500 _aIncluye índice en el volumen 2
999 _c35537
_d35537